000 00859nas1a22002411i 4500
001 RU\NLR\INFOCOMM15\1000101198
005 20240725225002.0
035 _a(NLR Aleph) 002466459
090 _a2299287
_c2299287
100 _a20040330c2000 |||y0rusy50 ca
101 0 _arus
102 _aRU
110 _azyu||||0|y0
200 1 _aCogito
_eСб. науч. ст. по педагогике и психологии
210 _aИжевск
_cУдм. ун-т
_d2000-
712 0 2 _aУдмуртский университет
_bФакультет психологии и педагогики
_cИжевск
_4570
801 1 _aRU
_bInfoComm
_c20040330
801 0 _aRU
_bNLR
_gPSBO
852 _aNLR
_jП28/1845
942 _cSE
980 _aRUSPER